Hacking y forensic : (Registro nro. 20490)

Detalles MARC
000 -LEADER
campo de control de longitud fija 02534cam a22005894i 4500
003 - IDENTIFICADOR DE NÚMERO DE CONTROL
campo de control PE-LiUPU
005 - FECHA Y HORA DE LA ÚLTIMA TRANSACCIÓN
campo de control 20250731165449.0
008 - DATOS DE LONGITUD FIJA--INFORMACIÓN GENERAL
campo de control de longitud fija 050405s2016 sp a rb 000 0 spa d
020 ## - NÚMERO INTERNACIONAL ESTÁNDAR DEL LIBRO
Número Internacional Estándar del Libro 9782409002656
035 ## - NÚMERO DE CONTROL DEL SISTEMA
Número de control de sistema (Sirsi) a204112
040 ## - FUENTE DE CATALOGACIÓN
Centro catalogador/agencia de origen ESALI
Lengua de catalogación spa
Centro/agencia transcriptor ESALI
Centro/agencia modificador PE-LiUPU
Normas de descripción rda
049 ## - FONDOS LOCALES (OCLC)
Biblioteca depositaria PRUA
082 04 - NÚMERO DE LA CLASIFICACIÓN DECIMAL DEWEY
Número de clasificación 005.8
Cutter E12
Número de edición 20
082 04 - NÚMERO DE LA CLASIFICACIÓN DECIMAL DEWEY
Número de clasificación 005.8
Cutter E12 2016
100 1# - ENTRADA PRINCIPAL--NOMBRE DE PERSONA
Nombre de persona Ebel, Franck,
Término indicativo de función/relación autor.
245 10 - MENCIÓN DEL TÍTULO
Título Hacking y forensic :
Resto del título Desarrolle sus propias herramientas en Python /
Mención de responsabilidad, etc. Franck Ebel ; traductor Javier Olivares Serrano.
250 ## - MENCION DE EDICION
Mención de edición Primera edición.
264 #1 - PRODUCCIÓN, PUBLICACIÓN, DISTRIBUCIÓN, FABRICACIÓN Y COPYRIGHT
Producción, publicación, distribución, fabricación y copyright Barcelona :
Nombre del de productor, editor, distribuidor, fabricante ENI,
Fecha de producción, publicación, distribución, fabricación o copyright 2016.
300 ## - DESCRIPCIÓN FÍSICA
Extensión 474 páginas :
Otras características físicas ilustraciones ;
Dimensiones 21 centímetros.
336 ## - TIPO DE CONTENIDO
Término de tipo de contenido text
Fuente rdacontent
337 ## - TIPO DE MEDIO
Nombre/término del tipo de medio unmediated
Fuente rdamedia
338 ## - TIPO DE SOPORTE
Nombre/término del tipo de soporte volume
Fuente rdacarrier
505 0# - NOTA DE CONTENIDO CON FORMATO
Nota de contenido con formato Python: los fundamentos -- La red: la librería scapy -- Depuración en windows -- El fuzzing -- Tratamiento de imágenes -- Un poco mas sobre la web -- Análisis forense.
526 ## - NOTA DE INFORMACIÓN SOBRE EL PROGRAMA DE ESTUDIO
Nombre del programa Segunda Especialidad En Estadística Aplicada Para Investigación (A Distancia)
526 ## - NOTA DE INFORMACIÓN SOBRE EL PROGRAMA DE ESTUDIO
Nombre del programa Segunda Especialidad En Estadística Aplicada Para Investigación
526 ## - NOTA DE INFORMACIÓN SOBRE EL PROGRAMA DE ESTUDIO
Nombre del programa Ingeniería De Ciberseguridad
526 ## - NOTA DE INFORMACIÓN SOBRE EL PROGRAMA DE ESTUDIO
Nombre del programa Ingeniería De Ciencia De Datos E Inteligencia Artificial
526 ## - NOTA DE INFORMACIÓN SOBRE EL PROGRAMA DE ESTUDIO
Nombre del programa Ingeniería De Software
526 ## - NOTA DE INFORMACIÓN SOBRE EL PROGRAMA DE ESTUDIO
Nombre del programa
526 ## - NOTA DE INFORMACIÓN SOBRE EL PROGRAMA DE ESTUDIO
Nombre del programa Comunicación Y Periodismo
526 ## - NOTA DE INFORMACIÓN SOBRE EL PROGRAMA DE ESTUDIO
Nombre del programa Maestría En Ingeniería De Sistemas Con Mención En Dirección Y Gestión De Tecnologías De Información (Semipresencial)
526 ## - NOTA DE INFORMACIÓN SOBRE EL PROGRAMA DE ESTUDIO
Nombre del programa Maestría En Ingeniería De Sistemas Con Mención En Dirección Y Gestión De Tecnologías De Información (A Distancia)
526 ## - NOTA DE INFORMACIÓN SOBRE EL PROGRAMA DE ESTUDIO
Nombre del programa Doctorado en ingeniería de sistemas
526 ## - NOTA DE INFORMACIÓN SOBRE EL PROGRAMA DE ESTUDIO
Nombre del programa Maestría en ingeniería de sistemas con mención en Ingeniería de software
526 ## - NOTA DE INFORMACIÓN SOBRE EL PROGRAMA DE ESTUDIO
Nombre del programa Maestría en ingeniería de sistemas con mención en Dirección y gestión de tecnologías de información
526 ## - NOTA DE INFORMACIÓN SOBRE EL PROGRAMA DE ESTUDIO
Nombre del programa Ingeniería de sistemas
526 ## - NOTA DE INFORMACIÓN SOBRE EL PROGRAMA DE ESTUDIO
Nombre del programa Educación secundaria, especialidad matemática e informática
541 ## - NOTA DE FUENTE DE ADQUISICIÓN DIRECTA
-- 0020-0002446;
541 ## - NOTA DE FUENTE DE ADQUISICIÓN DIRECTA
-- 001-0042354;
541 ## - NOTA DE FUENTE DE ADQUISICIÓN DIRECTA
-- 003-001190;
596 ## -
-- 1 3
650 #4 - PUNTO DE ACCESO ADICIONAL DE MATERIA--TÉRMINO DE MATERIA
Término de materia o nombre geográfico como elemento de entrada Hacking.
650 #4 - PUNTO DE ACCESO ADICIONAL DE MATERIA--TÉRMINO DE MATERIA
Término de materia o nombre geográfico como elemento de entrada Seguridad.
910 ## - DATOS DE OPCIÓN DEL USUARIO (OCLC)
Datos de opción del usuario dbm
-- ncf
-- ncf
-- 20180131
910 ## - DATOS DE OPCIÓN DEL USUARIO (OCLC)
Datos de opción del usuario rmch
-- welc
-- welc
-- 20180219
942 ## - ELEMENTOS DE ENTRADA SECUNDARIOS (KOHA)
Fuente del sistema de clasificación o colocación Clasificación Decimal Dewey
Tipo de ítem Koha
949 ## - PROCESAMIENTO DE INFORMACIÓN LOCAL (OCLC)
a 005.8 E12 2016
w DEWEY
c 1
i FJ10318
l CCODEBUJ1
m BUJ
p 86.50
r 0
s Y
t BOOK
u 2018-02-19
x INGENIERIA
-- P27
0 COMPRA
o .STAFF. Colección General Juliaca
994 ## -
-- C0
-- PEPRU
999 ## - NÚMEROS DE CONTROL DE SISTEMA (KOHA)
-- LC
-- 76025
-- 2018-3-9
-- 2021-11-9
-- 4
-- CCODEBUL1
-- BUL
-- 2
-- 77.59
-- 1
-- 0
-- Y
-- BOOK
-- 2017-5-29
-- INGENIERIA
-- P27
-- COMPRA
-- .STAFF. Colección Ingeniería y Arquitectura
999 ## - NÚMEROS DE CONTROL DE SISTEMA (KOHA)
-- LC
-- 78280
-- 2019-11-21
-- 2021-11-9
-- 4
-- CCODEBUL1
-- BUL
-- 7
-- 87.39
-- 0
-- Y
-- BOOK
-- 2018-1-31
-- INGENIERIA
-- P24
-- COMPRA
-- .STAFF. Colección Ingeniería y Arquitectura
999 ## - NÚMEROS DE CONTROL DE SISTEMA (KOHA)
-- DEWEY
-- FJ10318
-- 2019-3-17
-- 2021-12-27
-- 3
-- CCODEBUJ1
-- BUJ
-- 2
-- 86.50
-- 3
-- 0
-- Y
-- BOOK
-- 2018-2-19
-- INGENIERIA
-- P27
-- COMPRA
-- .STAFF. Colección General Juliaca
980 ## - EQUIVALENCIA O REFERENCIA-CRUZADA-MENCIÓN DE SERIE--NOMBRE DE PERSONA/TÍTULO [LOCAL, CANADÁ]
ID del último usuario que modificó el registro 1
Nombre del último usuario que modificó el registro ALBERTO SANCHEZ Responsable de Automatización
Existencias
Visto por última vez Número de inventario Total de préstamos Signatura topográfica completa Código de barras Fecha del último préstamo Copia número Coste, precio de reemplazo Fecha de reemplazo Facultad Tipo de ítem Koha Nota pública Estado de pérdida Fuente del sistema de clasificación o colocación Restricciones de uso No para préstamo Colección Programa académico Biblioteca de origen Biblioteca actual Ubicación en estantería Fecha de adquisición Fuente de adquisición Coste, precio normal de compra Fecha de entrega
2025-12-02 5 4 005.8 E12 76025 2023-03-09 e1 82.59 2017-05-29 FIA Libros físicos inventario-2023-12-13 No Perdido Clasificación Decimal Dewey No restringido Disponible para préstamos Colección General Ingeniería de sistemas Biblioteca CRAI UPeU Lima Biblioteca CRAI UPeU Lima Sala principal 2017-05-29 COMPRA 77.59  
2026-05-13 5 14 005.8 E12 78280 2026-05-13 e2 92.39 2018-01-31 FIA Libros físicos inventario-2023-12-13 No Perdido Clasificación Decimal Dewey No restringido Disponible para préstamos Colección General Ingeniería de sistemas Biblioteca CRAI UPeU Lima Biblioteca CRAI UPeU Lima Sala principal 2018-01-31 COMPRA 87.39 2026-05-18